000 00869 a2200169 4500
003 Nust
005 20230403111531.0
040 _cNust
082 _a923.254,THE
100 _aMaguham, W. Somerset
_9111676
245 _aThe Memoirs of Aga Khan :
_bworld enough and time /
_cW. Somerset Maguham
260 _aLondon
_bCassell and company
_c1954
300 _a350
505 _aChildhood and Youth (Page-1), My First European Tour (Page-7), Early Visit to the Middle East (Page-30), Nine Crowded (Page-57), London (Page-69), The First World War (Page-117), Post War (Page-130),The Islamic Concepts (Page-145), My Career on the Truf (Page-169),Towards (Page-192), My Work for the League (Page-206), The War Year (Page-235), Friends Old (Page-271), My Recent Travels (Page-307), Looking Back (Page-316).
650 _aThe memoirs of agha khan
_9111677
942 _2ddc
_cBK
999 _c186966
_d186966